00165nam a2200073Ia 4500008004100000082001600041100001400057245002000071240331s9999 xx 000 0 und d a891.42bMUR aMurukan,E 0aRaayarkaapiklub